000
00334 a2200109 4500
001
ART_13898
005
20260410161911.0
008
260409a
245
1
0
_a
Oligopoly, distribution and the rate of profit
100
1
_a
Cowling, Keith
773
0
_t
European economic review
_g
- Vol. 15, NÂș 2 (feb. 1981)
_w
REV13346
999
_c
26865
_d
26865